Dohľad nad elektronickým bankovníctvom na Slovensku bakalárska práca

Salvato in:
Dettagli Bibliografici
Autore principale: Záchenská, Monika
Ente Autore: Národohospodárska fakulta EU. Katedra bankovníctva a medzinárodných financií
Altri autori: Klimiková, Mária
Natura: Libro
Lingua:slovacco
Pubblicazione: Bratislava 2017
Tags: Aggiungi Tag
Nessun Tag, puoi essere il primo ad aggiungerne!!

MARC

LEADER 00000nbm a2200000 4500
001 0233788
005 20180115154613.9
041 0 |a slo 
044 |a SK 
245 1 0 |a Dohľad nad elektronickým bankovníctvom na Slovensku  |b bakalárska práca  |c Monika Záchenská ; školiteľ: Mária Klimiková 
264 1 |a Bratislava  |c 2017 
300 |a 54 s. 
100 1 |a Záchenská, Monika 
700 1 |a Klimiková, Mária 
710 2 |a Národohospodárska fakulta EU. Katedra bankovníctva a medzinárodných financií